00673nam a2200229 a 4500001001300000003000900013005001700022008004100039020001000080082001700090100002100107245002100128260004700149500003500196505001000231650002900241700002100270902000800291942000700299952012000306999001700426nice12345678IN_TiNIC20260116015230.0050524s0200 naga grp 000 0 eng  ac10000a324.245bBAR aBarber, Benjamin aJihad Vs Mcworld aNagpurbNational Council of Churchesc0200 aincludes index and biblioraphy2 aIndex aReligious Fundamentalism1 aBarber, Benjamin bSRS cBK 001040708StackRoom-aHMIbHMId2007-04-10g100.00l0o324.245 BARp11000290r2007-04-10v100.00w2005-05-24yBK c18839d18839